[Event "Tata Steel-A 81st"]
[Site "Wijk aan Zee"]
[Date "2019.01.16"]
[Round "5"]
[White "Van Foreest, Jorden"]
[Black "Carlsen, Magnus"]
[Result "0-1"]
[WhiteElo "2612"]
[BlackElo "2835"]
[Annotator "Howell,David"]
[PlyCount "66"]
[EventDate "2019.01.12"]
[EventType "tourn"]
[EventRounds "13"]
[EventCountry "NED"]
[EventCategory "21"]
[SourceTitle "CBM 188"]
[Source "ChessBase"]
[SourceDate "2018.12.21"]
[SourceVersion "1"]
[SourceVersionDate "2018.12.21"]
[SourceQuality "1"]

1. e4 c5 2. Nf3 Nc6 {Carlsen sticks to his repertoire from the recent World
Championship match.} 3. d4 cxd4 4. Nxd4 Nf6 5. Nc3 e5 6. Ndb5 d6 7. Nd5 {
The first surprise of the game. Van Foreest is a very principled player who
often favours direct openings, especially with White. However it seems
excessively brave to take on Carlsen in this line. While Van Foreest might
have spent several hours preparing this position, it is likely that Carlsen
and his team (assisted by powerful engines) had spent many weeks analysing the
following labyrinthine varitions for the World Championship. In hindsight it
would have been wiser to choose something which would have been less fresh in
Carlsen's memory.} (7. Bg5 {is the main line of the Sveshnikov Sicilian. Play
could then continue:} a6 8. Na3 b5 9. Nd5 (9. Bxf6 gxf6 10. Nd5 {leads to many
long complex variations with chances for both sides.}) 9... Be7 10. Bxf6 Bxf6
11. c4 ({or} 11. c3) 11... b4 12. Nc2 {with a strategic battle ahead.}) 7...
Nxd5 8. exd5 Ne7 {This was played twice by Carlsen in his recent match against
Caruana.} (8... Nb8 {also featured in two games from the World Championship
match.}) 9. c4 Ng6 10. Qa4 Bd7 11. Qb4 Qb8 {Carlsen shows his ambitious
intentions.} (11... Bf5 {featured in Game 12 of the World Championship, but it
allows a repetition of moves:} 12. Qa4 Bd7 13. Qb4 Bf5 14. Qa4 (14. h4 {
was Caruana's choice in the aforementioned game and was also played by Kramnik
at the 2018 Olympiad.})) 12. h4 h5 {With the inclusion of the h-pawn moves it
appears that neither king will find a safe haven on this side of the board.}
13. Be3 a6 14. Nc3 f5 $5 {Not quite a novelty, but Carlsen displays his
opening expertise by unleashing a rare idea.} (14... a5 {was Carlsen's choice
in one of the decisive tie-break games against Caruana:} 15. Qb3 a4 16. Qd1 Be7
17. g3 Qc8 18. Be2 Bg4 19. Rc1 Bxe2 20. Qxe2 Qf5 {and despite Carlsen's
victory, White holds the upper hand.} 21. c5 (21. O-O $14 {would have left
White with a long-term edge due to his structural superiority on the queenside.
}) 21... O-O $1 22. c6 bxc6 23. dxc6 Rfc8 24. Qc4 Bd8 25. Nd5 e4 $2 26. c7 Bxc7
$1 27. Nxc7 Ne5 28. Nd5 $2 Kh7 $1 {0-1, Caruana-Carlsen, London 2018.}) 15.
O-O-O $146 {A natural choice, if somewhat risky.} (15. g3 {looks like a safe
option}) ({while} 15. Be2 {is also playable.}) (15. Na4 $5 {was mentioned by
Van Foreest after the game, and indeed this move would have led to interesting
positions which would have suited his style:} f4 $1 16. Bd3 Nxh4 $1 {
(apparently this was suggested by Carlsen in the post mortem. Further proof of
the depth of his preparation)} 17. Rxh4 fxe3 18. Bg6+ Kd8 {with a very
double-edged position. As usual, the engine eventually assesses this as 0.00
but neither king is safe and fireworks are likely to ensue.}) 15... Be7 16. g3
O-O $5 {An interesting pawn sacrifice, most likely still part of Carlsen's
preparation.} (16... e4 {would have been my first thought. Black intends to
land the knight on e5 as quickly as possible.}) ({Meanwhile the immediate} 
16... b5 $5 {is also worthy of consideration.}) 17. Be2 {Now the h5-pawn is
indefensible.} e4 18. Bd4 $6 {A step in the wrong direction.} ({Snatching the
pawn with} 18. Bxh5 {was of course critical:} Ne5 19. Be2 b5 20. cxb5 axb5 $44
{it is clear that Black has compensation here. There is a simple plan of ...
Rf8-c8 and ...Be7-d8-a5 while the white king is a target. However, the b5-pawn
will soon fall and if an attack fails then White should convert his extra pawn.
} 21. Bg5 $1 {looks like White's most accurate move to nullify the black
initiative.}) ({If White was too afraid to capture on h5, then} 18. f4 {
was another option:} exf3 19. Bxf3 Ne5 20. Be2 b5 21. cxb5 axb5 22. Bd4 $132 {
and, compared to the game, Black's e5-knight lacks stability.}) 18... Bf6 19.
Bxf6 Rxf6 20. Qb6 $2 {Van Foreest's plan is understandable; he wishes to
prevent Black from opening the queenside. Unfortunately queens are known to be
poor blockaders, and this short-term measure soon fails.} (20. Bxh5 {was now
essential. Play could continue:} Ne5 21. Be2 b5 22. cxb5 Bxb5 $1 {(forcing the
exchange of White's strong knight)} 23. Nxb5 axb5 24. a3 (24. Kb1 $6 Qa7 $15)
24... Rf8 25. Bxb5 Qc7+ 26. Kb1 Rfb8 $44 {with yet another position that is
difficult to evaluate. Objectively chances are still equal, although in
practical terms it feels easier to play Black.}) 20... Ne5 21. Kb1 Be8 $1 $15 {
Black re-routes the bishop and intends to kick the white queen away from b6.}
22. Rd2 Nd7 23. Qd4 Qc7 24. Nd1 {The start of a poor manoeuvre, but it is not
easy to offer any constructive alternatives. White's position is strategically
dubious - it lacks purpose, while Black can slowly prepare the b7-b5 or f5-f4
pawn breaks.} Ne5 {Black's knight is incredibly powerful here. It simply
cannot be challenged.} 25. Ne3 f4 $1 {Simple and strong.} 26. gxf4 Rxf4 27. Rg1
(27. Ng2 {does not help:} Rf8 28. Qe3 Qf7 29. Rf1 (29. Qxe4 Qxf2 $19) 29... Rc8
$17 {and Black holds an obvious advantage.}) 27... Bg6 28. Ka1 ({It is a sad
situation when the engine suggests jettisoning material with moves such as} 28.
Rxg6 {although Black's conversion task is not so easy:} Nxg6 29. Ng2 Rf5 $17
30. Qxe4 Qf7 31. Bd3 {and the game continues.}) 28... Raf8 29. c5 {Desperation,
but otherwise f2 falls without compensation.} Rxf2 {Black simply gobbles the
pawn.} (29... dxc5 {is also sufficient:} 30. Qc3 Qd6 $17) 30. Qc3 (30. c6 $5 {
would have been my final attempt at creating confusion.}) 30... Qxc5 31. Qxc5
dxc5 32. d6 Kh7 33. d7 Nf3 {Winning material. A brutal victory from Carlsen,
who pounced upon his opponent's indecisiveness to score his first win of the
tournament.} 0-1

[Event "Tata Steel-A 81st"]
[Site "Wijk aan Zee"]
[Date "2019.01.18"]
[Round "6"]
[White "Carlsen, Magnus"]
[Black "Mamedyarov, Shakhriyar"]
[Result "1-0"]
[WhiteElo "2835"]
[BlackElo "2817"]
[Annotator "Fernandez,D"]
[PlyCount "101"]
[EventDate "2019.01.12"]
[EventType "tourn"]
[EventRounds "13"]
[EventCountry "NED"]
[EventCategory "21"]
[SourceTitle "CBM 188"]
[Source "ChessBase"]
[SourceDate "2018.12.21"]
[SourceVersion "1"]
[SourceVersionDate "2018.12.21"]
[SourceQuality "1"]

1. Nf3 d5 2. d4 Nf6 3. c4 dxc4 4. e3 e6 5. Bxc4 c5 6. O-O a6 7. b3 b6 (7...
cxd4 {might be my choice, since (as the next note indicates) it might soon be
too late to play this.}) 8. dxc5 ({In this relative theoretical backwater, the
engines are rather fond of} 8. Ba3 $5 {trying to force an isolated c-pawn on
Black (or else remove his castling rights.)} Nbd7 (8... Bb7 9. dxc5 Qxd1 10.
Rxd1 Bxc5 11. Bxc5 bxc5 12. Be2 $1 $14) (8... cxd4 9. Bxf8 Kxf8 10. Nxd4 Qe7
$14) (8... Qc7 9. Nbd2 Be7 10. Rc1 Nbd7 11. dxc5 bxc5 12. Bb2 $14) 9. d5 exd5
10. Bxd5 Nxd5 11. Qxd5 Ra7 12. Bb2 $14 {Smirnov,P-Kozionov,K Kazan 2017}) 8...
Qxd1 9. Rxd1 Bxc5 10. Bb2 Nbd7 11. Nbd2 Bb7 12. Be2 O-O 13. Nc4 Rfd8 14. Ne1
Bd5 15. Rac1 Rac8 16. Nd3 Be7 17. Nce5 ({White avoids the
structure-for-bishop-pair imbalance resulting from} 17. Bd4 Bxc4 18. bxc4 Ne4
$132) 17... Bb7 18. Nc4 Bd5 19. Nd2 Bb7 20. Kf1 h6 21. Bf3 Nd5 22. Nc4 b5 23.
Na5 Ba8 24. a3 ({There was another interesting option for an imbalance, albeit
the other way than before, in} 24. Bxd5 $5 Bxd5 (24... exd5 $1 25. g3 $132) 25.
Nf4 Rxc1 26. Rxc1 Bf6 27. Bxf6 Nxf6 28. Ke2 $14) 24... g5 25. h3 f5 26. b4 Kf7
27. Nb3 Bf6 (27... N5b6 {is a lot more natural than the text for me; White
needs to think seriously about why c4 isn't just a weakness.}) 28. Bxf6 Kxf6
29. Nbc5 N5b6 30. Be2 Nc4 (30... Nxc5 31. Nxc5 Bd5 $5 {was possible, inviting
massive simplifications.} 32. Nxa6 Nc4 33. Ra1 Ra8 34. Nc7 Rxa3 35. Nxb5 Rxa1
36. Rxa1 Rb8 37. Nc7 Rxb4 38. Nxd5+ exd5 $11) 31. a4 Ndb6 32. a5 Nd5 33. Nxa6 (
{Svidler mentioned in his commentary that the supercomputers were giving} 33.
Kg1 $5 {which leads to some imbalance as well:} Nxb4 (33... Nc7 34. g4 $14) 34.
Nxb4 Rxd1+ 35. Rxd1 Rxc5 36. Nxa6 Rc8 37. Ra1 {with interesting play.}) 33...
Ndxe3+ 34. fxe3 Nxe3+ 35. Kg1 {Avoiding the 2nd rank pin.} (35. Kf2 Nxd1+ 36.
Rxd1 Rc2 $132) 35... Nxd1 36. Rxd1 Rc2 37. Bf3 Be4 $1 {Black has recognised
that the two knights work together quite well, and chooses to swap one of them
off.} 38. Nac5 (38. Bxe4 fxe4 39. Rf1+ Ke7 {will be what Magnus wanted to make
work first, but it doesn't and he must settle for a deeply unnatural draw after
} 40. Ndc5 Rdd2 41. Re1 Rxg2+ 42. Kh1 $11) 38... Bxd3 39. Rxd3 Rxd3 40. Nxd3 e5
41. Bb7 e4 42. Nc5 Ke5 43. a6 Ra2 44. Bc6 ({It is also possible to try and
block the a-file with} 44. Nb3 e3 45. Kf1 {but Black can simply deliver
perpetual check.} f4 46. Na5 Ra1+ 47. Ke2 Ra2+ 48. Ke1 $11 (48. Kf3 $4 g4+ $3))
44... h5 $4 {Black gets ambitious: the spectre of a back-rank mate was just
too tempting. This loses the game after accurate play.} (44... e3 {was more
than enough to draw.} 45. Bxb5 Kd4 {and White will be unable to sustainably
block the a-file, meaning that lines like} 46. Kf1 f4 47. Ke1 h5 48. Be2 Ra1+
49. Bd1 Kc4 50. Na4 Kd3 51. Nc5+ Kc4 $11 {are likely.}) 45. Bxb5 g4 46. hxg4
hxg4 47. Bc4 $1 {An accurate if not especially intuitive move. One of its
chief points is that with the rook on a1, Black isn't able to play ...Kd4.} (
47. Kh2 e3 48. Nd3+ Ke4 $16) 47... Ra1+ 48. Kh2 $1 f4 49. b5 f3 50. b6 Kf4 51.
Nxe4 {Eliminating the ghost of Black's mate-motifs.} 1-0

[Event "Tata Steel-A 81st"]
[Site "Wijk aan Zee"]
[Date "2019.01.26"]
[Round "12"]
[White "Carlsen, Magnus"]
[Black "Duda, Jan Krzysztof"]
[Result "1-0"]
[WhiteElo "2835"]
[BlackElo "2738"]
[Annotator "Nielsen,Peter Heine"]
[PlyCount "141"]
[EventDate "2019.01.12"]
[EventType "tourn"]
[EventRounds "13"]
[EventCountry "NED"]
[EventCategory "21"]
[SourceTitle "CBM 188"]
[Source "ChessBase"]
[SourceDate "2018.12.21"]
[SourceVersion "1"]
[SourceVersionDate "2018.12.21"]
[SourceQuality "1"]

{[%evp 0,141,19,31,14,-14,-11,0,0,6,43,66,55,20,15,4,22,24,11,11,35,6,7,-10,
-13,5,0,1,-12,-21,9,1,-9,-23,-23,-122,65,83,83,86,61,95,90,105,90,104,97,105,
112,95,109,105,105,106,110,102,111,77,111,93,100,98,81,71,108,109,90,90,70,61,
51,86,99,72,60,84,113,85,84,92,93,81,88,68,66,55,47,55,55,55,67,43,66,45,62,47,
68,54,74,76,171,102,137,135,135,152,153,179,197,193,271,271,277,277,266,256,
256,243,256,211,320,298,301,255,269,259,309,256,298,308,302,310,329,313,313,
278,276,287,271,235,295,587,587,587]} 1. d4 Nf6 2. c4 e6 3. Nf3 d5 4. Nc3 dxc4
{Duda stays loyal to his tournament preparation, the Vienna had netted him 2
effortless draws in the tournament already.} 5. e4 Bb4 6. Bxc4 $5 {In the
first round Vidit played the traditional 6 Bg5 whereafter Duda surprised with
6...b5!? 7.a4 c5. Magnus follows Duda's game with Mamedyarov, where White
played the now popular pure pawn sacrifice, aiming for quick development.} Nxe4
7. O-O Nf6 $5 (7... Bxc3 8. bxc3 Nxc3 {gives Black even 2 extra pawns, but the
white initiative becomes overwhelming. Danish IM Steffen Pedersen and Swedish
GM Tiger Hillarp Pedersen showed me this idea way before it became popular,
and I managed to win a blitz game agasnt Van Wely in the German Team
Championship before forgetting about it, and being completely lost against
Pedersen himself in an blindfold event in Denmark 2007. Won by Magnus himself,
as it was organised in order to give him training for his first appearance in
the Melody Amber Tournament.} 9. Qb3 Nd5 10. Ba3 Nc6 11. Rfe1 Nce7 12. Bxe7
Nxe7 13. d5 exd5 14. Bxd5 O-O 15. Bxf7+ $1 Rxf7 16. Rad1 Qf8 17. Ng5 {is the
basic tactical point, and my game against Pedersen from 2007.}) 8. Qa4+ Nc6 9.
Ne5 Rb8 {Obviously the line has evolved, and Black found more sensible
solutions than the early greedy attempts. 9...Rb8 is Caruana's choice against
Aronian from the Norway Chess tournament 2018, but obviously part of the
American's preparation for the candidates tournament. Funnily it was already
played by Magnus' second Laurent Fressinet in 2010, whose loss had nothing to
do with his position after the opening.} 10. Rd1 $5 {Aronian took on c6, and
Halkias played 10.d5. Magnus plays a less direct approach, but blitzed out the
following moves obviously still in his preparation. Duda knew the risks.
Playing Caruana's favourite line, which Magnus obviously must have prepared,
with hindsight might seem like a bad idea, but the young Pole showed numerous
times in Wijk that he is not afraid of a challenge.} O-O 11. Nxc6 bxc6 12. Qxa7
{Quite a typical scenario in modern chess: White threatened a blitz attack by
sacrificing a pawn, Black choose a solid continuation, and now suddenly White
changes gears, now playing for a better pawn structure and a potentially
passed a-pawn.} Bd7 {Threatening a "perpetual" against White's queen with ...
Ra8/...Rb8.} 13. Qa4 c5 14. Qc2 {This is why White included 10.Rd1 0-0, he
needed the rook to protect the d4-pawn.} cxd4 15. Rxd4 Bc5 $6 {Magnus
mentioned in a video interview after the tournament that he recalled asking
some of his second trying to sell him on this concept and he asked why can
black not just go 15...Bc5 followed by 16...h6? Somebody switched on the
engine, and said 17.Bxh6 and 18.Qd2 is +1. But no one told me what this +1
consisted of.} 16. Rh4 $5 {It was notheworthy that the Norwegian supercomputer
"sesse" preferred 16.Rd1, aiming for more positional methods.} h6 $2 {Played
quickly, but walking straight into preparation. Or sort of preparation at
least:} 17. Bxh6 $1 gxh6 18. Qd2 {Blacks problem is that h6 cannot be
protected, and losing it basically leads to mate on h8.} Nh7 $1 {Or 18...Ne8
leading to the same thing.} (18... h5 19. Qg5+ Kh8 20. Ne4 $1 {also causes the
game to end immediately, so Black has to praise himself lucky things are
actually not worse than they are.}) 19. Qxh6 Bxf2+ $1 {Black sacrifices the
bishop to force an exchange of queens. White cannot decline with 20.Kh1 as the
bishop on f2 also threatens the white rook on h4.} 20. Kxf2 Qf6+ 21. Qxf6 Rxb2+
$1 {Not only did Black have a saving check forcing off the queens, but he even
manages to pick up a pawn as well with this intermezzo equalling the material
balance.} 22. Kg1 Nxf6 23. Rf1 $1 {Maybe this position does not look as much,
but White's initiative still is very threatening. As Magnus knew the machines
evaluated the sacrifice on h6 as advantageous for White, and he (correctly)
saw no better option than this, it meant he could enter this seemingly
innocent position with confidence.} Kg7 $5 {Duda realized his problems, and
went for a practical solution.} (23... Ne8 24. Rf3 f5 25. Rg3+ Ng7 {is the
computer's preferred line, but showing a considerable initiative for White
after} 26. Ne2 {followed by 27.Nf4 or 27.Nd4.}) 24. Rf3 {Black's problem is
the safety of his king. Rg3+ basically mating is the immediate threat.} Rg8 25.
Rhf4 $1 {Blacks last move has a dual purpose of providing an escape route via
f8 for the king, as well as then attacking g2 with the rook. White, however,
is just in time to start his own attack in the f-line and Duda is now forced
to give up material.} Bc6 26. Rxf6 $1 ({If} 26. Rg3+ $2 Kf8 27. Rxf6 {Black has
} Rxg3 28. hxg3 Rxg2+ {followed by ...Rc2 winning back the piece.}) 26... Bxf3
27. Rxf3 Rd8 {White has 2 minor pieces for the rook, but the reduced remaining
material as well as Black's activity makes it a kind of 50-50 situation if
Black can manage the draw or not.} 28. Rf2 Rb4 29. Bb5 $6 {Too ambitious. More
stable was 29.Bb3, but Magnus underestimated Black's strong resource at move
30.} Ra8 30. a4 c6 $1 31. Be2 ({Due to} 31. Bxc6 Rc8 $1 {winning a piece, Duda
now manages to push White's bishop away from b5, meaning the knight is forces
to stay at c3 to defend the pawn at a4.}) 31... Ra5 32. Rf3 f5 33. Kf2 Rc5 34.
Bd1 {Defending the pawn on a4, and thus releasing the knight on c3 of its
defensive duties.} e5 $6 {Logical, advancing the pawn exploiting that 35.Rxf5
can be met by 35...Rc3. However, it does weaken the f5 pawn, meaning Black
will have to advance it further and thus allow White's knight to permanently
settle on f4.} 35. Ne2 Kf6 36. Ra3 Rb1 37. Ke1 $1 {A good retreat, defending
the d1 bishop and not fearing 37...Rcd5 due to 38 Nc3! forking the black rooks.
} e4 38. g3 $1 ({Not falling for the trick} 38. a5 $2 Rbb5 39. a6 Ra5 $1 {
winning the white a-pawn.}) 38... Ke5 39. h4 Ra5 40. h5 c5 41. Kd2 c4 42. Kc2
Rb8 43. Kc3 Rb1 44. Kc2 Rb8 45. Kc1 Rb6 46. Bc2 Rd6 47. Nf4 {White's pieces
start landing on their ideal squares, even so breaking Black's resistance is
not at all easy.} Rc5 48. Re3 Kd4 49. Re1 Rh6 $6 {Here Duda did not realize it
was a crucial moment of the game, and just played a common sense move.} ({
He had his chance, as} 49... Kc3 $1 {would ensure counterplay sufficient for
serious drawing chances as after} 50. Ne2+ Kb4 {Black makes it much more
difficult for White to improve his position than in the game.}) 50. Kd2 $1 {
A very strong move either luring Black's pawn to c3, meaning b3 becomes
available for the white bishop, or as in the game, White's king gets to c3.}
Re5 51. Ne2+ Kc5 52. Rh1 $1 {Covering the h5-pawn and thus getting ready for
Kc3.} Re8 (52... Kb4 53. Ke3 $1 {intending Kd4 and Rb1+ becomes decisive.}) 53.
Kc3 Rg8 54. Rb1 $1 Rxh5 55. Bxe4 $1 Re8 56. Nf4 $1 {A fascinating tactical
sequence, despite the limited amount of material. Its end result is just the
elimination of the kingside pawns.} Rg5 57. Rb5+ Kd6 58. Bxf5 Rxg3+ 59. Kd4 $5
{Taking on c4 was also possible, but Magnus' idea with the previous moves was
aiming exactly for this position: material has been reduced even further, but
Black's king suddenly surprisingly finds itself under a devastating attack!}
Rg1 60. Rb6+ Ke7 $1 {The good thing from Black's perspective is that he avoids
getting mated. The problem is that the king ends up too far away from a8.} 61.
Ng6+ Kf7 62. Ne5+ Kg8 63. Nxc4 {Materialistic, at last.} Ra8 64. a5 Ra1 65. Rb5
Ra7 66. Be4 Rc7 67. Rf5 Kg7 68. Bc2 Rc1 69. Kc3 Rf7 70. Rxf7+ $1 Kxf7 {An
interesting observation was being made by the spectators following the game in
the live chat. This ending is generally a draw as proved by Tablebases. Here,
however, the black king is not close enough to a7, and with his next move
Magnus shuts down any black hope of stopping the a-pawn with his rook from a1:}
71. Na3 $1 {Now White's a-pawn queens trivially, and not wanting the world
champion to end the game by showing his skills mating with knight and bishop,
Duda resigned.} 1-0